000 01338nam0a22003011 4500
001 rc\3494667
005 20130115141415.5
021 _aRU
_b[71-72699]
035 _a(NLR Aleph) 007650452
090 _a6222903
_c6222903
100 _a20130115d1971 |||y0rusy50 ca
101 0 _arus
102 _aRU
105 _aa j |||||
200 1 _aЭксплуатация, ремонт и монтаж оборудования промышленности строительных материалов
_e[Учебник для техникумов пром-сти строит. материалов]
210 _aМосква
_cСтройиздат
_d1971
215 _a368 с.
_cил.
_d22
300 _aПеред загл. авт.: Ф.Г. Банит, Г.С. Крижановский, Б.И. Якубович
320 _aСписок лит.: с. 366
606 _aЗаводы строительных материалов
_xОборудование
_jУчебники и пособия
_2psbo
700 1 _aБанит
_bФ. Г.
_gФеофан Гаврилович
701 1 _aКрижановский
_bГ. С.
_gГригорий Сазонович
701 1 _aЯкубович
_bБ. И.
_gБорис Исаевич
801 0 _aRU
_bNLR
_gpsbo
801 1 _aRU
_bELAR
_2rusmarc
852 _aNLR
_j71-5/4307
942 _cBOOK
980 _aNB